000 00402 a2200169 4500
001 183946
020 _a978-85-16-06317-7
040 _cMagnum
100 _aBandeira, Pedro
240 1 0 _aO fantástico mistério de Feiurinha
_lpor
245 1 0 _aO fantástico mistério de Feiurinha
300 _a64
362 0 _a2010
440 1 _aModerna
697 _aLITERATURA INFANTO-JUVENIL
942 _cBK
999 _c183946
_d183946